Sad girls : a novel / Lang Leav (Record no. 3599)

000 -LEADER
fixed length control field 00511nam a2200205Ia 4500
008 - FIXED-LENGTH DATA ELEMENTS--GENERAL INFORMATION
fixed length control field 190409s9999 xx 000 0 und d
020 ## - INTERNATIONAL STANDARD BOOK NUMBER
International Standard Book Number 978-1-4494-8776-8
082 ## - DEWEY DECIMAL CLASSIFICATION NUMBER
Classification number Fic L487 2017
100 ## - MAIN ENTRY--PERSONAL NAME
Preferred name for the person Leav, Lang
245 #0 - TITLE STATEMENT
Title Sad girls : a novel / Lang Leav
260 ## - PUBLICATION, DISTRIBUTION, ETC. (IMPRINT)
Place of publication, distribution, etc Missouri
260 ## - PUBLICATION, DISTRIBUTION, ETC. (IMPRINT)
Name of publisher Andrews McMeel Universal
260 ## - PUBLICATION, DISTRIBUTION, ETC. (IMPRINT)
Date of publication, distribution, etc c2017.
300 ## - PHYSICAL DESCRIPTION
Extent 365 p.
526 ## - STUDY PROGRAM INFORMATION NOTE
PROGRAM TYPE FICTION
650 ## - SUBJECT ADDED ENTRY--TOPICAL TERM
Topical term or geographic name as entry element Guilt -- Fiction.
650 ## - SUBJECT ADDED ENTRY--TOPICAL TERM
Topical term or geographic name as entry element Honesty -- Fiction.
650 ## - SUBJECT ADDED ENTRY--TOPICAL TERM
Topical term or geographic name as entry element Panic attack -- Fiction.
942 ## - ADDED ENTRY ELEMENTS
Item type Book
Holdings
Withdrawn status Lost status Damaged status Not for loan Collection code Permanent Location Current Location Shelving location Date acquired Total Checkouts Full call number Barcode Date last seen Date checked out Price effective from Item type
        Fiction High School Library High School Library   2019-04-09 10 Fic L487 2017 HS7180 2025-06-25 2025-06-23 2019-04-09 Book